Amazing World of Gumball characters quiz - Statistics

General Stats
  • This quiz has been taken 472 times
    468 since last reset
  • The average score is 13 of 17
Answer Stats
Hint Answer % Correct
Main character Gumball Tristopher Watterson
99%
Main character's pet fish/brother Darwin Raglan Caspian Ahab Poseidon Nicodemius Watterson III
98%
Main character's idiot father Richard Watterson
93%
Main character's crush Penny Fitzgerald
92%
Main character's pink genius sister Anais Watterson
91%
Main character's mother who has a similar appearance to the main character Nicole Watterson
91%
"Perfect" green balloon Alan
84%
"Emo" ghost Carrie Krueger
82%
Dinosaur bully of the school Tina Rex
81%
Class clown and fruit Banana Joe
77%
Rainbow colored show-off Tobias Wilson
76%
Main character's school's principle Principal Brown
71%
Gentle flower in a flowerpot who is often thought of to be a girl Leslie
67%
Main character's teacher Miss Simian
59%
Flying eyeball William
59%
Snobby cloud Masami Yoshida
55%
Main character's grandfather who walked out on the main character's dad 33 years ago Frankie watterson
45%
No matching quizzes found
Score Distribution
Percent of People with Each Score
Percentile by Number Answered
Your Score History
You have not taken this quiz since the last reset